[Event "13. Open del Sants 2011"]
[Site "Barcelona ESP"]
[Date "2011.08.23"]
[Round "5.1"]
[White "Bacallao Alonso, Yusnel"]
[Black "Sadler, Matthew D"]
[Result "1/2-1/2"]
[WhiteElo "2532"]
[BlackElo "2625"]
[PlyCount "46"]
[EventDate "2011.08.19"]
[EventType "swiss"]
[EventRounds "10"]
[EventCountry "ESP"]
[Source "lmi"]
[SourceDate "2011.08.19"]

1. e4 e6 2. d4 d5 3. Nc3 Nf6 4. Bg5 dxe4 5. Nxe4 Be7 6. Nxf6+ Bxf6 7. Bxf6 Qxf6
8. Nf3 O-O 9. Qd2 b6 10. O-O-O Bb7 11. Ne5 c5 12. Bb5 a6 13. Be2 b5 14. Bf3
Bxf3 15. gxf3 Rd8 16. Ng4 Qe7 17. Qf4 Nc6 18. dxc5 Qxc5 19. Nh6+ gxh6 20. Rhg1+
Kf8 21. Qxh6+ Ke7 22. Qh4+ Kf8 23. Qh6+ Ke7 1/2-1/2

[Event "13. Open del Sants 2011"]
[Site "Barcelona ESP"]
[Date "2011.08.23"]
[Round "5.2"]
[White "Kovalyov, Anton"]
[Black "Burg, Twan"]
[Result "1/2-1/2"]
[WhiteElo "2612"]
[BlackElo "2450"]
[PlyCount "63"]
[EventDate "2011.08.19"]
[EventType "swiss"]
[EventRounds "10"]
[EventCountry "ESP"]
[Source "lmi"]
[SourceDate "2011.08.19"]

1. Nf3 d5 2. d4 Nf6 3. c4 c6 4. e3 Bg4 5. Qb3 Qb6 6. Nc3 e6 7. Nh4 Bh5 8. h3
Be7 9. g4 Bg6 10. Nxg6 hxg6 11. Bg2 g5 12. Bd2 Nbd7 13. O-O-O Qxb3 14. axb3 Nb6
15. c5 Nbd7 16. f4 gxf4 17. exf4 b6 18. cxb6 axb6 19. Kc2 Bd6 20. Ra1 Ke7 21.
Rxa8 Rxa8 22. Re1 g6 23. b4 Kf8 24. Ne2 Ne4 25. Bxe4 dxe4 26. g5 f5 27. gxf6 e3
28. Bxe3 Bxb4 29. Bd2 Bxd2 30. Kxd2 Nxf6 31. Nc1 Ke7 32. Nd3 1/2-1/2

[Event "13. Open del Sants 2011"]
[Site "Barcelona ESP"]
[Date "2011.08.23"]
[Round "5.3"]
[White "Handke, Florian"]
[Black "Iturrizaga, Eduardo"]
[Result "0-1"]
[WhiteElo "2518"]
[BlackElo "2603"]
[PlyCount "94"]
[EventDate "2011.08.19"]
[EventType "swiss"]
[EventRounds "10"]
[EventCountry "ESP"]
[Source "lmi"]
[SourceDate "2011.08.19"]

1. d4 Nf6 2. Nf3 e6 3. c4 c5 4. d5 d6 5. Nc3 g6 6. h3 Bg7 7. e4 O-O 8. Bd3 Na6
9. O-O Nc7 10. Re1 Rb8 11. a4 a6 12. a5 Re8 13. Na4 Nd7 14. Bg5 Bf6 15. Bf4 b5
16. axb6 Nxb6 17. e5 Be7 18. exd6 Bxd6 19. Ne5 Qf6 20. Nc6 Bxf4 21. Nxb8 exd5
22. cxd5 Rxe1+ 23. Qxe1 Ncxd5 24. Nxb6 Nxb6 25. Nxa6 Bd6 26. Qc3 Qg5 27. Bf1
Nd5 28. Qf3 Bb7 29. Re1 Nf4 30. Qg4 Qf6 31. Qd7 Bc6 32. Qc8+ Kg7 33. Qxc6 Nxh3+
34. gxh3 Bh2+ 35. Kxh2 Qxc6 36. Rc1 Qf6 37. Rc2 Qf5 38. Re2 Qd3 39. Re1 Qd2 40.
Ra1 Qxb2 41. Ra5 Qxf2+ 42. Bg2 Qf4+ 43. Kh1 Qd2 44. Ra1 c4 45. Rf1 Qd6 46. Ra1
c3 47. Be4 c2 0-1

[Event "13. Open del Sants 2011"]
[Site "Barcelona ESP"]
[Date "2011.08.23"]
[Round "5.4"]
[White "Larino Nieto, David"]
[Black "Swiercz, Dariusz"]
[Result "1/2-1/2"]
[WhiteElo "2495"]
[BlackElo "2553"]
[PlyCount "68"]
[EventDate "2011.08.19"]
[EventType "swiss"]
[EventRounds "10"]
[EventCountry "ESP"]
[Source "lmi"]
[SourceDate "2011.08.19"]

1. e4 c5 2. d3 e6 3. Nc3 d5 4. exd5 exd5 5. g3 Nf6 6. Bg2 d4 7. Ne4 Nxe4 8.
Bxe4 Nd7 9. Ne2 Bd6 10. O-O O-O 11. Bg2 Nf6 12. Bg5 h6 13. Bxf6 Qxf6 14. Nc1
Rb8 15. Nb3 Be6 16. Re1 Rfe8 17. Qh5 b6 18. Nd2 Qg5 19. Qxg5 hxg5 20. Bc6 Re7
21. a4 a6 22. b3 Kf8 23. a5 Rc7 24. Bf3 b5 25. Re4 Re7 26. Rae1 Rbe8 27. R4e2
Bc7 28. b4 cxb4 29. Nb3 Bc8 30. Rxe7 Rxe7 31. Rxe7 Kxe7 32. Nxd4 Kd6 33. Nb3
Bd8 34. Kf1 Ke5 1/2-1/2

[Event "13. Open del Sants 2011"]
[Site "Barcelona ESP"]
[Date "2011.08.23"]
[Round "5.5"]
[White "Smeets, Jan"]
[Black "Arribas Lopez, Angel"]
[Result "0-1"]
[WhiteElo "2628"]
[BlackElo "2443"]
[PlyCount "94"]
[EventDate "2011.08.19"]
[EventType "swiss"]
[EventRounds "10"]
[EventCountry "ESP"]
[Source "lmi"]
[SourceDate "2011.08.19"]

1. e4 c5 2. Nf3 d6 3. c3 Nf6 4. Bd3 Nc6 5. Bc2 Bg4 6. h3 Bxf3 7. Qxf3 g6 8. d3
Bg7 9. O-O O-O 10. Qe2 Nd7 11. Be3 b5 12. Rc1 Rb8 13. Nd2 Qb6 14. Bb3 Na5 15.
Bd1 b4 16. Nb3 Nc6 17. Qd2 a5 18. a4 Qa6 19. d4 c4 20. Qe2 e6 21. Nd2 d5 22.
Bf4 Rbd8 23. e5 Qb7 24. Nf3 b3 25. h4 Rde8 26. Qe3 f6 27. exf6 Bxf6 28. Bd6 Rf7
29. Ng5 Bxg5 30. hxg5 Nd8 31. Bg4 Qc6 32. Bh2 Nb6 33. Re1 Nxa4 34. Re2 Qb5 35.
Qh3 Nb6 36. Bxe6 Nxe6 37. Rxe6 Rfe7 38. Rxe7 Rxe7 39. Bd6 Re8 40. Bc5 Nd7 41.
Rxa5 Qxa5 42. Qxd7 Qd8 43. Qc6 Qc8 44. Qxd5+ Qe6 45. Qf3 Qf5 46. Qd1 Qe4 47.
Kh2 Qe2 0-1

[Event "13. Open del Sants 2011"]
[Site "Barcelona ESP"]
[Date "2011.08.23"]
[Round "5.6"]
[White "Marin, Mihail"]
[Black "Lauber, Arnd"]
[Result "1/2-1/2"]
[WhiteElo "2548"]
[BlackElo "2478"]
[PlyCount "55"]
[EventDate "2011.08.19"]
[EventType "swiss"]
[EventRounds "10"]
[EventCountry "ESP"]
[Source "lmi"]
[SourceDate "2011.08.19"]

1. d4 Nf6 2. Nf3 e6 3. e3 b6 4. Bd3 Bb7 5. O-O d5 6. b3 Bd6 7. Bb2 Nbd7 8. c4
O-O 9. Nc3 a6 10. Rc1 Qe7 11. Na4 dxc4 12. bxc4 Ne4 13. c5 bxc5 14. Ne5 Rfd8
15. Nxd7 Rxd7 16. dxc5 Nxc5 17. Nxc5 Bxc5 18. Bxh7+ Kxh7 19. Qh5+ Kg8 20. Qxc5
Qxc5 21. Rxc5 Bd5 22. a4 Rb8 23. Bc3 Bb3 24. Rb1 Rbd8 25. h4 Rd1+ 26. Rxd1
Rxd1+ 27. Kh2 Rd5 28. Rxd5 1/2-1/2

[Event "13. Open del Sants 2011"]
[Site "Barcelona ESP"]
[Date "2011.08.23"]
[Round "5.7"]
[White "Anton Guijarro, David"]
[Black "Narciso Dublan, Marc"]
[Result "1/2-1/2"]
[WhiteElo "2473"]
[BlackElo "2544"]
[PlyCount "95"]
[EventDate "2011.08.19"]
[EventType "swiss"]
[EventRounds "10"]
[EventCountry "ESP"]
[Source "lmi"]
[SourceDate "2011.08.19"]

1. e4 e5 2. Nf3 Nc6 3. Bb5 a6 4. Ba4 Nf6 5. O-O Nxe4 6. d4 b5 7. Bb3 d5 8. dxe5
Be6 9. Qe2 Bc5 10. Be3 Qe7 11. Rd1 Rd8 12. Nbd2 Bxe3 13. Qxe3 Nc5 14. c3 Bg4
15. Re1 Ne6 16. h3 Bxf3 17. Nxf3 Na5 18. Qa7 c6 19. Qb6 Qc7 20. Qe3 O-O 21. Bc2
Nc4 22. Qc1 c5 23. b3 Nb6 24. Ng5 g6 25. Nxe6 fxe6 26. Bd1 d4 27. cxd4 Rxd4 28.
Bg4 Qe7 29. Rd1 Rxd1+ 30. Qxd1 Nd5 31. Rc1 Kg7 32. Bf3 Nf4 33. Kh2 Rd8 34. Qc2
Nd3 35. Rd1 Nb4 36. Qb2 Rxd1 37. Bxd1 Qd7 38. Bf3 Qd4 39. Qe2 c4 40. bxc4 bxc4
41. Be4 Qxe5+ 42. g3 Qd4 43. Kg2 c3 44. a3 Qd2 45. Qg4 c2 46. Qxe6 c1=Q 47.
Qe7+ Kg8 48. Qe8+ 1/2-1/2

[Event "13. Open del Sants 2011"]
[Site "Barcelona ESP"]
[Date "2011.08.23"]
[Round "5.8"]
[White "Cuartas, Jaime Alexander"]
[Black "Rios, Cristhian Camilo"]
[Result "1/2-1/2"]
[WhiteElo "2542"]
[BlackElo "2424"]
[PlyCount "64"]
[EventDate "2011.08.19"]
[EventType "swiss"]
[EventRounds "10"]
[EventCountry "ESP"]
[Source "lmi"]
[SourceDate "2011.08.19"]

1. d4 Nf6 2. g3 g6 3. Bg2 Bg7 4. e4 d6 5. Ne2 O-O 6. Nbc3 e5 7. h3 Nc6 8. Be3
exd4 9. Nxd4 Nxd4 10. Bxd4 Bd7 11. O-O c5 12. Be3 Bc6 13. Bf4 Re8 14. Re1 Qb6
15. Rb1 Rad8 16. Qd2 Re6 17. b3 Qb4 18. Qd3 Rde8 19. Bd2 Qd4 20. Be3 Qxd3 21.
cxd3 b6 22. Nd5 Bxd5 23. exd5 Re5 24. Bd2 Rxe1+ 25. Rxe1 Rxe1+ 26. Bxe1 Nd7 27.
Kf1 b5 28. Ke2 b4 29. Bd2 f5 30. g4 Kf7 31. Bc1 Bf6 32. Bf4 Be5 1/2-1/2

[Event "13. Open del Sants 2011"]
[Site "Barcelona ESP"]
[Date "2011.08.23"]
[Round "5.9"]
[White "Kunte, Abhijit"]
[Black "Kanarek, Marcel"]
[Result "1-0"]
[WhiteElo "2528"]
[BlackElo "2435"]
[PlyCount "174"]
[EventDate "2011.08.19"]
[EventType "swiss"]
[EventRounds "10"]
[EventCountry "ESP"]
[Source "lmi"]
[SourceDate "2011.08.19"]

1. d4 Nf6 2. c4 g6 3. g3 Bg7 4. Bg2 O-O 5. Nc3 d6 6. Nf3 Nc6 7. O-O Bg4 8. h3
Bxf3 9. Bxf3 Nd7 10. e3 e5 11. dxe5 Ndxe5 12. Be2 Re8 13. Bd2 Nd7 14. Qc2 Nc5
15. Rad1 a5 16. Kh2 a4 17. Nd5 Ne5 18. Bc1 Ned7 19. Nc3 Nf6 20. Bf3 Qe7 21. Bg2
c6 22. f3 h5 23. e4 Nfd7 24. h4 Be5 25. Bh3 Bg7 26. Bg5 Qf8 27. Ne2 Ne5 28. Nd4
Bh6 29. Bf4 Rad8 30. Ne2 Kh7 31. Rd2 Qe7 32. Bg2 Bxf4 33. Nxf4 Qc7 34. Qc3 Ra8
35. Rc1 Red8 36. Nh3 Ne6 37. Nf2 c5 38. f4 Nc6 39. Nh3 Kg8 40. Rf2 Ned4 41. Re1
Re8 42. Ng5 Re7 43. f5 Ne5 44. Bh3 f6 45. Ne6 Nxe6 46. fxe6 Kg7 47. Ref1 Rf8
48. b3 axb3 49. axb3 Ree8 50. Qd2 Nc6 51. Qd5 Nb4 52. Qd2 Ra8 53. Qd1 Qe7 54.
Rd2 Rfd8 55. Rdf2 Rf8 56. Rd2 Rfd8 57. Rdf2 Ra2 58. Rxa2 Nxa2 59. Qd2 Nb4 60.
Ra1 Nc6 61. Qd5 Qc7 62. Rf1 Ra8 63. Rf2 Ra3 64. Rb2 Qe7 65. Kg2 Ra1 66. Rd2 Nd4
67. b4 b6 68. bxc5 bxc5 69. Rb2 Ra7 70. Kh2 Kh6 71. Kg2 Qd8 72. Kh2 Nf3+ 73.
Kg2 Nd4 74. Kh2 Qe7 75. Kg2 Qc7 76. Kh2 Kg7 77. Bg2 Kh6 78. Bh3 Qe7 79. Kg2 Qc7
80. Kh2 Qd8 81. Bg2 Re7 82. Bh3 Qc7 83. Qa8 Kg7 84. Rb8 f5 85. exf5 gxf5 86.
Rh8 Nxe6 87. Bxf5 Nd4 1-0

[Event "13. Open del Sants 2011"]
[Site "Barcelona ESP"]
[Date "2011.08.23"]
[Round "5.10"]
[White "Sanchez Ibern, Marc"]
[Black "Gonzalez Garcia, Jose"]
[Result "0-1"]
[WhiteElo "2327"]
[BlackElo "2522"]
[PlyCount "92"]
[EventDate "2011.08.19"]
[EventType "swiss"]
[EventRounds "10"]
[EventCountry "ESP"]
[Source "lmi"]
[SourceDate "2011.08.19"]

1. e4 e6 2. d4 d5 3. Nc3 Bb4 4. Bd3 dxe4 5. Bxe4 Nf6 6. Bf3 c5 7. Nge2 Nc6 8.
Be3 cxd4 9. Nxd4 Nd5 10. Nxc6 bxc6 11. Qd4 O-O 12. Bxd5 c5 13. Qd2 exd5 14. a3
Bxc3 15. bxc3 Ba6 16. Bxc5 Re8+ 17. Be3 Qh4 18. Kd1 Re4 19. Kc1 Bc4 20. h3 h6
21. g3 Qe7 22. h4 Rb8 23. Qd1 Qb7 24. Kd2 Rd8 25. Qb1 Qc6 26. Re1 Rde8 27. Qb4
Qf6 28. Bxa7 Re2+ 29. Rxe2 Rxe2+ 30. Kc1 Qf5 31. Qa4 Bb5 32. Qb3 Qe4 33. Bd4
Bc4 34. Qa4 Bb5 35. Qb3 Qe8 36. Qb4 Ba4 37. Ra2 Re1+ 38. Kb2 Bxc2 39. Ra1 Re2
40. Rc1 Bd3+ 41. Ka1 Bc4 42. Qb1 Qe7 43. Qb8+ Kh7 44. Qb1+ g6 45. Qb2 Rxb2 46.
Kxb2 Bd3 0-1

[Event "13. Open del Sants 2011"]
[Site "Barcelona ESP"]
[Date "2011.08.23"]
[Round "5.11"]
[White "Chueca Forcen, Alberto"]
[Black "Castellanos Rodriguez, Renier"]
[Result "0-1"]
[WhiteElo "2323"]
[BlackElo "2497"]
[PlyCount "66"]
[EventDate "2011.08.19"]
[EventType "swiss"]
[EventRounds "10"]
[EventCountry "ESP"]
[Source "lmi"]
[SourceDate "2011.08.19"]

1. d4 Nf6 2. c4 g6 3. Nc3 Bg7 4. e4 d6 5. Nf3 O-O 6. h3 e5 7. d5 a5 8. Be3 Na6
9. g4 Nc5 10. Nd2 c6 11. Be2 Bd7 12. h4 a4 13. g5 Ne8 14. Qc2 Qa5 15. Rb1 Nc7
16. h5 cxd5 17. cxd5 b5 18. b4 axb3 19. Nxb3 Nxb3 20. Qxb3 Na6 21. O-O Rfb8 22.
h6 Bf8 23. f4 b4 24. Nd1 Nc5 25. Bxc5 Qxc5+ 26. Kg2 Ra3 27. Qxa3 bxa3 28. Rxb8
Qc2 29. Nf2 Qxe2 30. Rc1 exf4 31. Rd8 Bh3+ 32. Kg1 Qe3 33. Rc2 Qg3+ 0-1

[Event "13. Open del Sants 2011"]
[Site "Barcelona ESP"]
[Date "2011.08.23"]
[Round "5.12"]
[White "Gopal, G N."]
[Black "Broekmeulen, Jasper"]
[Result "1/2-1/2"]
[WhiteElo "2576"]
[BlackElo "2388"]
[PlyCount "54"]
[EventDate "2011.08.19"]
[EventType "swiss"]
[EventRounds "10"]
[EventCountry "ESP"]
[Source "lmi"]
[SourceDate "2011.08.19"]

1. d4 Nf6 2. Nf3 b6 3. c4 Bb7 4. a3 e6 5. Nc3 d5 6. cxd5 Nxd5 7. Qc2 Nxc3 8.
bxc3 Be7 9. e4 O-O 10. Bd3 c5 11. O-O h6 12. Be3 cxd4 13. cxd4 Nc6 14. Rfd1 Rc8
15. Qe2 Na5 16. a4 Nb3 17. Rab1 Rc3 18. h3 Qa8 19. Bf4 Rd8 20. d5 Nc5 21. Bc4
exd5 22. Bxd5 Bxd5 23. exd5 Bf6 24. d6 Qc8 25. Rd5 Qe6 26. Qxe6 fxe6 27. Rd2
Ne4 1/2-1/2

[Event "13. Open del Sants 2011"]
[Site "Barcelona ESP"]
[Date "2011.08.23"]
[Round "5.13"]
[White "Cordova, Emilio"]
[Black "Mestre Bellido, Hector"]
[Result "1-0"]
[WhiteElo "2567"]
[BlackElo "2380"]
[PlyCount "99"]
[EventDate "2011.08.19"]
[EventType "swiss"]
[EventRounds "10"]
[EventCountry "ESP"]
[Source "lmi"]
[SourceDate "2011.08.19"]

1. d4 d5 2. c4 c6 3. Nf3 Nf6 4. e3 a6 5. a4 Bf5 6. Nc3 e6 7. Nh4 Bg6 8. Qb3 Qc7
9. Nxg6 hxg6 10. Bd2 Nbd7 11. Rc1 dxc4 12. Bxc4 Nb6 13. Bd3 Nbd5 14. Ne2 a5 15.
h3 Bb4 16. Bxb4 Nxb4 17. Bb1 O-O-O 18. Nc3 Kb8 19. Nb5 Qd7 20. Na3 Qd5 21. Qxd5
exd5 22. O-O Rde8 23. Rfe1 Re7 24. f3 Nd7 25. Kf2 Nb6 26. b3 Nd7 27. Rc3 Nf8
28. Nc2 Nxc2 29. Bxc2 Ne6 30. Rb1 Ka7 31. b4 axb4 32. Rxb4 Ra8 33. Bd1 Rd7 34.
Rb2 Rb8 35. Be2 Rc7 36. a5 Ra8 37. Rb6 Nf8 38. Rb2 Kb8 39. a6 b5 40. Rbc2 Ne6
41. Rxc6 Rxa6 42. Bxb5 Rcxc6 43. Bxc6 Ra5 44. Bd7 Nc7 45. Rb2+ Ka7 46. Bc6 Ka6
47. Rb7 Ra2+ 48. Kg3 Rc2 49. Rxc7 Kb6 50. Rxf7 1-0

[Event "13. Open del Sants 2011"]
[Site "Barcelona ESP"]
[Date "2011.08.23"]
[Round "5.14"]
[White "Ipatov, Alexander"]
[Black "Gullaksen, Eirik"]
[Result "1/2-1/2"]
[WhiteElo "2562"]
[BlackElo "2376"]
[PlyCount "37"]
[EventDate "2011.08.19"]
[EventType "swiss"]
[EventRounds "10"]
[EventCountry "ESP"]
[Source "lmi"]
[SourceDate "2011.08.19"]

1. b3 e5 2. Bb2 Nc6 3. e3 d6 4. Nf3 Be7 5. c4 Nf6 6. Nc3 O-O 7. Be2 Re8 8. O-O
Bf8 9. d4 e4 10. Nd2 Bf5 11. a3 a5 12. Rc1 Bg6 13. Kh1 h6 14. Rg1 Ne7 15. b4
axb4 16. axb4 c6 17. Qb3 Qd7 18. g4 d5 19. c5 1/2-1/2

[Event "13. Open del Sants 2011"]
[Site "Barcelona ESP"]
[Date "2011.08.23"]
[Round "5.15"]
[White "Alvarez Pedraza, Aramis"]
[Black "Vidarte Morales, Arturo"]
[Result "1-0"]
[WhiteElo "2551"]
[BlackElo "2359"]
[PlyCount "101"]
[EventDate "2011.08.19"]
[EventType "swiss"]
[EventRounds "10"]
[EventCountry "ESP"]
[Source "lmi"]
[SourceDate "2011.08.19"]

1. d4 Nf6 2. c4 g6 3. Nc3 Bg7 4. e4 d6 5. Be2 O-O 6. Bg5 c5 7. d5 e6 8. Qd2
exd5 9. exd5 Re8 10. O-O-O a6 11. Nf3 b5 12. cxb5 Nbd7 13. Rhe1 Qa5 14. a3 Bb7
15. Qc2 Ng4 16. bxa6 Bxa6 17. Bxa6 Qxa6 18. Rxe8+ Rxe8 19. Bh4 Rb8 20. Bg3 Nge5
21. Nxe5 Nxe5 22. Bxe5 Bxe5 23. Rd3 Qc4 24. Kb1 Qf4 25. g3 Qf5 26. Re3 Qh3 27.
Qe2 Bd4 28. Re8+ Rxe8 29. Qxe8+ Kg7 30. Qe2 Qxh2 31. Ne4 Qh3 32. Nxd6 Qh1+ 33.
Kc2 Qxd5 34. Ne4 h6 35. f3 Qe5 36. Qb5 Qf5 37. Qd3 Qh3 38. b4 Qg2+ 39. Kb3 Be5
40. bxc5 Qb2+ 41. Ka4 Qb7 42. f4 Qc6+ 43. Kb3 Qb7+ 44. Kc2 Qb2+ 45. Kd1 Qa1+
46. Ke2 Qb2+ 47. Kf3 Bd4 48. c6 f5 49. Nd2 Qb6 50. Ke2 Kh7 51. Qc4 1-0

[Event "13. Open del Sants 2011"]
[Site "Barcelona ESP"]
[Date "2011.08.23"]
[Round "5.16"]
[White "Jolly, Jean-Francois"]
[Black "Almeida Quintana, Omar"]
[Result "0-1"]
[WhiteElo "2377"]
[BlackElo "2548"]
[PlyCount "97"]
[EventDate "2011.08.19"]
[EventType "swiss"]
[EventRounds "10"]
[EventCountry "ESP"]
[Source "lmi"]
[SourceDate "2011.08.19"]

1. e4 g6 2. d4 Bg7 3. Nc3 d6 4. Be3 a6 5. f4 b5 6. Bd3 Bb7 7. Nf3 Nd7 8. e5 c5
9. Be4 Qc8 10. Bxb7 Qxb7 11. dxc5 dxe5 12. Qd5 Qxd5 13. Nxd5 Rc8 14. Nb6 Nxb6
15. cxb6 Nf6 16. fxe5 Nd5 17. Bd4 O-O 18. c3 Rc6 19. a4 Nxb6 20. axb5 axb5 21.
Ra6 Ra8 22. Rxa8+ Nxa8 23. Kd2 Ra6 24. Kc2 Nc7 25. Bc5 Nd5 26. Rd1 e6 27. Kb3
h6 28. Bd4 g5 29. Nd2 Ra8 30. Ne4 Bf8 31. Rf1 Kg7 32. g3 Be7 33. Nf6 Bxf6 34.
exf6+ Kg6 35. h3 h5 36. h4 Re8 37. hxg5 Kxg5 38. Be5 Ra8 39. Rh1 Rh8 40. Ra1
Kf5 41. Bd4 Re8 42. Rf1+ Kg4 43. Be5 Rg8 44. Rh1 Rg5 45. Bd6 Rf5 46. Rh4+ Kf3
47. c4 bxc4+ 48. Kxc4 Nb6+ 49. Kb4 0-1

[Event "13. Open del Sants 2011"]
[Site "Barcelona ESP"]
[Date "2011.08.23"]
[Round "5.17"]
[White "Adhiban, B."]
[Black "Trepat Herranz, Joan"]
[Result "1/2-1/2"]
[WhiteElo "2542"]
[BlackElo "2352"]
[PlyCount "104"]
[EventDate "2011.08.19"]
[EventType "swiss"]
[EventRounds "10"]
[EventCountry "ESP"]
[Source "lmi"]
[SourceDate "2011.08.19"]

1. d4 d5 2. c4 dxc4 3. Nf3 Nf6 4. e3 e6 5. Bxc4 c5 6. O-O a6 7. Bb3 Nc6 8. Nc3
Be7 9. dxc5 Qxd1 10. Rxd1 Bxc5 11. Bd2 Bd7 12. Rac1 Ba7 13. Be1 Ke7 14. Na4
Rhd8 15. Nc5 Bxc5 16. Rxc5 Be8 17. Rdc1 Ne4 18. R5c2 f6 19. Nd4 Nxd4 20. Bb4+
Nd6 21. exd4 a5 22. Bc5 a4 23. Bc4 b5 24. Be2 Kf7 25. Bf3 Rac8 26. g4 f5 27. g5
Ne4 28. h4 Nxc5 29. Rxc5 Rxc5 30. dxc5 Rc8 31. b4 axb3 32. axb3 b4 33. c6 Ke7
34. Rc4 Kd6 35. Rxb4 Bxc6 36. Bxc6 Rxc6 37. Rb7 Rc7 38. Rxc7 Kxc7 39. Kf1 e5
40. Ke2 Kc6 41. f3 Kc5 42. Kd3 Kb4 43. Kc2 g6 44. Kb2 Kb5 45. Kc3 Kc5 46. b4+
Kb5 47. Kb3 e4 48. fxe4 fxe4 49. Kc3 e3 50. Kd3 Kxb4 51. Kxe3 Kc5 52. Ke4 Kd6
1/2-1/2

[Event "13. Open del Sants 2011"]
[Site "Barcelona ESP"]
[Date "2011.08.23"]
[Round "5.18"]
[White "Aroshidze, Levan"]
[Black "Gomes, Mary Ann"]
[Result "1-0"]
[WhiteElo "2539"]
[BlackElo "2325"]
[PlyCount "59"]
[EventDate "2011.08.19"]
[EventType "swiss"]
[EventRounds "10"]
[EventCountry "ESP"]
[Source "lmi"]
[SourceDate "2011.08.19"]

1. e4 c5 2. Nf3 d6 3. d4 cxd4 4. Nxd4 Nf6 5. Nc3 a6 6. f3 e5 7. Nb3 Be6 8. Be3
Nbd7 9. g4 b5 10. g5 b4 11. Ne2 Nh5 12. Qd2 a5 13. Ng3 Nxg3 14. hxg3 a4 15. Nc1
Qa5 16. f4 g6 17. Nd3 d5 18. exd5 Bxd5 19. Rh4 e4 20. Bd4 Rg8 21. Ne5 Nxe5 22.
Bxe5 Rd8 23. O-O-O Be7 24. Qe2 Bc6 25. Rxd8+ Qxd8 26. Rxh7 Bc5 27. Bg2 Qd5 28.
Rh1 Be7 29. Rd1 Qxa2 30. Qa6 1-0

[Event "13. Open del Sants 2011"]
[Site "Barcelona ESP"]
[Date "2011.08.23"]
[Round "5.19"]
[White "Debray, Christopher"]
[Black "Gonzalez Vidal, Yuri"]
[Result "1/2-1/2"]
[WhiteElo "2364"]
[BlackElo "2503"]
[PlyCount "58"]
[EventDate "2011.08.19"]
[EventType "swiss"]
[EventRounds "10"]
[EventCountry "ESP"]
[Source "lmi"]
[SourceDate "2011.08.19"]

1. d4 Nf6 2. c4 e6 3. Nc3 Bb4 4. e3 O-O 5. Nge2 d5 6. a3 Be7 7. cxd5 exd5 8.
Nf4 a5 9. Bd3 c6 10. O-O Na6 11. Bc2 Nc7 12. f3 b5 13. e4 dxe4 14. fxe4 c5 15.
d5 Ng4 16. h3 Ne5 17. Nd3 Nxd3 18. Bxd3 c4 19. Bc2 b4 20. axb4 axb4 21. Rxa8
Nxa8 22. Ne2 Qb6+ 23. Kh1 Bf6 24. Rf3 Bd7 25. Be3 Qd6 26. Bf4 Be5 27. Qd4 Bxd4
28. Bxd6 Bxb2 29. Bxb4 Re8 1/2-1/2

[Event "13. Open del Sants 2011"]
[Site "Barcelona ESP"]
[Date "2011.08.23"]
[Round "5.20"]
[White "Alonso Rosell, Alvar"]
[Black "Eggleston, David J"]
[Result "1-0"]
[WhiteElo "2502"]
[BlackElo "2318"]
[PlyCount "97"]
[EventDate "2011.08.19"]
[EventType "swiss"]
[EventRounds "10"]
[EventCountry "ESP"]
[Source "lmi"]
[SourceDate "2011.08.19"]

1. d4 Nf6 2. c4 b6 3. Nc3 Bb7 4. Nf3 e6 5. Bg5 Bb4 6. Nd2 h6 7. Bh4 Bxc3 8.
bxc3 d6 9. f3 Nbd7 10. e4 g5 11. Bf2 Qe7 12. Qa4 Nh5 13. c5 dxc5 14. dxc5 c6
15. Nb3 e5 16. g3 Ng7 17. cxb6 axb6 18. Qc4 c5 19. Bh3 Bc6 20. a4 O-O 21. O-O
Ne6 22. Rfd1 Rxa4 23. Rxa4 b5 24. Qd3 bxa4 25. Na5 Nb8 26. Nxc6 Nxc6 27. Qb5
Rd8 28. Ra1 Qd6 29. Qxa4 h5 30. Qc4 g4 31. fxg4 Ng5 32. Bg2 hxg4 33. Bxc5 Qh6
34. Qe2 Nf3+ 35. Bxf3 Rd2 36. Bxg4 Rxe2 37. Ra8+ Kh7 38. Bf5+ Qg6 39. Bxg6+
fxg6 40. Ra6 Nb8 41. Rb6 Nd7 42. Rb7 Rd2 43. Bd4 exd4 44. Rxd7+ Kh6 45. cxd4
Kg5 46. h3 Rd1+ 47. Kf2 Rd2+ 48. Ke3 Rh2 49. h4+ 1-0

[Event "13. Open del Sants 2011"]
[Site "Barcelona ESP"]
[Date "2011.08.24"]
[Round "6.1"]
[White "Iturrizaga, Eduardo"]
[Black "Arribas Lopez, Angel"]
[Result "1/2-1/2"]
[WhiteElo "2603"]
[BlackElo "2443"]
[PlyCount "108"]
[EventDate "2011.08.19"]
[EventType "swiss"]
[EventRounds "10"]
[EventCountry "ESP"]
[Source "lmi"]
[SourceDate "2011.08.19"]

1. d4 e6 2. c4 b6 3. Nf3 Bb7 4. Nc3 Nf6 5. Bg5 h6 6. Bh4 d5 7. Qc2 Be7 8. Bxf6
Bxf6 9. cxd5 exd5 10. g3 O-O 11. Bg2 Nd7 12. O-O Qe7 13. Rfe1 Rfe8 14. Nb5 Rec8
15. Rad1 Nf8 16. Nc3 Rd8 17. e3 Rac8 18. Qb3 Ne6 19. Nd2 c6 20. a3 Re8 21. Nf3
Rcd8 22. Qa4 a6 23. Qb3 Qc7 24. Rc1 c5 25. Na4 Rd6 26. Qc2 Rc6 27. Nc3 Rd8 28.
Rcd1 cxd4 29. exd4 Rc4 30. Qf5 Bxd4 31. Nxd4 Nxd4 32. Qd3 Ne6 33. Qf5 d4 34.
Nd5 Bxd5 35. Bxd5 Rc5 36. Re5 g6 37. Qe4 Kg7 38. f4 Rc1 39. Qe1 Rxd1 40. Qxd1
Rd6 41. Bxe6 fxe6 42. Qd3 b5 43. Kf2 Qc4 44. Qxc4 bxc4 45. Rc5 d3 46. Ke1 Rd4
47. Kd2 Kf6 48. h4 Re4 49. Kc3 h5 50. a4 Ke7 51. Rc6 Kd7 52. Rxa6 Re2 53. Kxc4
d2 54. Ra7+ Kc8 1/2-1/2

[Event "13. Open del Sants 2011"]
[Site "Barcelona ESP"]
[Date "2011.08.24"]
[Round "6.2"]
[White "Sadler, Matthew D"]
[Black "Larino Nieto, David"]
[Result "1-0"]
[WhiteElo "2625"]
[BlackElo "2495"]
[PlyCount "47"]
[EventDate "2011.08.19"]
[EventType "swiss"]
[EventRounds "10"]
[EventCountry "ESP"]
[Source "lmi"]
[SourceDate "2011.08.19"]

1. d4 Nf6 2. c4 g6 3. Nc3 Bg7 4. e4 d6 5. f3 O-O 6. Bg5 a6 7. Qd2 Nc6 8. Nge2
Rb8 9. Rc1 Bd7 10. b3 e5 11. dxe5 Nxe5 12. Ng3 Qe8 13. Be2 h5 14. O-O Nh7 15.
Bh4 Nc6 16. Nd5 Qe5 17. Kh1 Qd4 18. Qe1 g5 19. Rd1 Qc5 20. Nxh5 gxh4 21. Qxh4
f5 22. Bd3 Rbe8 23. exf5 Ne5 24. Qg3 1-0

[Event "13. Open del Sants 2011"]
[Site "Barcelona ESP"]
[Date "2011.08.24"]
[Round "6.3"]
[White "Gonzalez Garcia, Jose"]
[Black "Kovalyov, Anton"]
[Result "1/2-1/2"]
[WhiteElo "2522"]
[BlackElo "2612"]
[PlyCount "48"]
[EventDate "2011.08.19"]
[EventType "swiss"]
[EventRounds "10"]
[EventCountry "ESP"]
[Source "lmi"]
[SourceDate "2011.08.19"]

1. d4 Nf6 2. c4 e6 3. Nf3 b6 4. g3 c6 5. Bg2 d5 6. O-O Be7 7. Qc2 O-O 8. Nbd2
Bb7 9. e4 Na6 10. a3 c5 11. exd5 exd5 12. dxc5 Nxc5 13. b4 Ne6 14. Bb2 Rc8 15.
Ne5 Qc7 16. Qb3 dxc4 17. Ndxc4 Bxg2 18. Kxg2 Qb7+ 19. f3 b5 20. Na5 Qd5 21.
Rad1 Qxb3 22. Nxb3 Rc2+ 23. Rf2 Rfc8 24. Rxc2 Rxc2+ 1/2-1/2